000 00912nam a2200301Ia 4500
003 GCL
008 140319s9999 xx 000 0 ara d
040 _aGCL /
_cGCL
082 0 4 _a191
_bز ك
100 1 _aزكريا ابراهيم
245 1 0 _aبين الماضى والمستقبل بحوث فى الفكر السياسى /
_cزكريا ابراهيم
700 1 _aعبدالرحمن بشناف
700 1 _aارندت، حنة
260 _a[S.N] :
_bدار نهضة مصر للطبع والنشر ،
_c1974
300 _a272
490 _a
650 0 4 _aالعصر الحديث
650 0 4 _aالتربية
650 0 4 _aالسياسة
650 0 4 _aالثقافة
650 0 4 _aالاجتماع
650 0 4 _aالحرية
650 0 4 _aالازمات الاقتصادية
650 0 4 _aالسلطة
650 0 4 _aالازمات
650 0 4 _aالتقاليد
942 _2ddc
_cBK
999 _c29860
_d29860